Statistics for Montreal Canadiens Starting Lineup 2017-2018 Season

Click here to take the quiz!

General Stats

  • This quiz has been taken 63 times
  • The average score is 15 of 23

Answer Stats

Position Player Hometown % Correct
GCarey PriceAnahim Lake, British Columbia
100%
DShea WeberSicamous, British Columbia
90%
LWMax PaciorettyNew Canaan, Connecticut
90%
RWBrendan GallagherEdmonton, Alberta
86%
CTomas PlekanecKladno, Czech Republic
84%
C/LWJonathan DrouinSte-Agathe, Quebec
80%
C/LWAlex GalchenyukMilwaukee, Wisconsin
80%
DJeff PetryAnn Arbor, Michigan
78%
GAl MontoyaChicago, Illinois
73%
DVictor MeteToronto, Ontario
71%
LWArtturi LehkonenPiikkio, Finland
69%
DJordie BennVictoria, British Columbia
67%
CPhillip DanaultVictoriaville, Quebec
63%
C/LW/RWPaul ByronOttawa, Ontario
63%
LWCharles HudonAlma, Quebec
61%
C/LW/RWAndrew ShawBelleville, Ontario
59%
DKarl AlznerBurnaby, British Columbia
57%
LWJacob De La RoseArvika, Sweden
51%
C/RWTorrey MitchellGreenfield Park, Quebec
49%
DMark StreitBern, Switzerland
41%
RWAles HemskyPardubice, Czech Republic
39%
DBrandon DavidsonTaber, Alberta
31%
DJoe MorrowSherwood Park, Alberta
29%

Score Distribution

Percentile by Number Answered

Percent of People with Each Score

Your Score History

You have not taken this quiz